[Event "BSB-Open 2008"]
[Site "Bad Neustadt /Saale"]
[Date "2008.09.06"]
[Round "9.2"]
[White "Kunze, Holger"]
[Black "Lang, Stefan"]
[Result "1/2-1/2"]
[WhiteElo "2159"]
[BlackElo "2143"]
[PlyCount "80"]
[EventDate "2008.??.??"]
[WhiteTeam "FC Bayern München e.V."]
[BlackTeam "SK Germering/Upf."]

1. d4 Nf6 2. Nf3 c5 3. c3 e6 4. e3 b6 5. Nbd2 Bb7 6. Bd3 d6 7. O-O Be7 8. Re1
Nbd7 9. e4 Qc7 10. Qe2 e5 11. dxe5 dxe5 12. Ba6 Bc6 13. a4 Nb8 14. Bb5 O-O 15.
b3 a6 16. Bxc6 Nxc6 17. Nf1 Rfd8 18. Bg5 Nh5 19. Bxe7 Qxe7 20. g3 Nf6 21. Rad1
Qb7 22. Qc2 b5 23. Ne3 Nd7 24. Nd5 Nb6 25. axb5 axb5 26. Qe2 Nd7 27. Ra1 Nf8
28. Red1 Ne6 29. Qf1 b4 30. cxb4 cxb4 31. Rxa8 Rxa8 32. Qc4 Ra6 33. Rc1 (33.
Nc7 $18 Nxc7 34. Rd7) 33... h6 34. Kg2 Kh7 35. h3 Ned4 36. Nxd4 Nxd4 37. Qxb4
Qxb4 38. Nxb4 Ra3 39. Rc7 (39. Nd3 f6 40. Nc5 $16) 39... Rxb3 40. Nd5 Rf3 $2 {
(=)} (40... Kg6 $11) (40... Rf3 41. Ne3 $16) 1/2-1/2

[Event "BSB-Open 2008"]
[Site "Bad Neustadt /Saale"]
[Date "2008.09.06"]
[Round "9.5"]
[White "Várkonyi, Miklós"]
[Black "Jussupow, Alexander"]
[Result "0-1"]
[WhiteElo "1620"]
[BlackElo "2028"]
[PlyCount "62"]
[EventDate "2008.??.??"]
[WhiteTeam "SK 1933 Bad Neustadt"]
[BlackTeam "SK Krumbach"]

1. e4 e6 2. d4 d5 3. exd5 exd5 4. Bd3 Bd6 5. Nc3 c6 6. Nge2 Ne7 7. Bf4 Bf5 8.
Bxd6 Qxd6 9. Bxf5 Nxf5 10. Qd3 Qf6 11. Rd1 Nd7 12. O-O O-O 13. Ng3 Nd6 14. Nce2
Rfe8 15. c3 {(=)} Re6 16. Nh5 Qg5 17. Nhg3 Rae8 18. Rfe1 f5 19. f4 Qe7 20. Kf1
g6 21. b3 Nf6 22. Qb1 Nde4 23. Qc1 Ng4 24. Nxe4 Rxe4 25. Ng3 Nxh2+ 26. Kf2 Ng4+
27. Kf1 Qh4 28. Nxe4 Qh1+ 29. Ke2 Qxg2+ 30. Kd3 fxe4+ 31. Rxe4 Qxe4+ 0-1

[Event "BSB-Open 2008"]
[Site "Bad Neustadt /Saale"]
[Date "2008.09.06"]
[Round "9.6"]
[White "Mittermaier, Walter"]
[Black "Heerlein, Gerd"]
[Result "1/2-1/2"]
[WhiteElo "2171"]
[BlackElo "1864"]
[PlyCount "58"]
[EventDate "2008.??.??"]
[WhiteTeam "SAbt TSV Haunstetten"]
[BlackTeam "SK 1933 Bad Neustadt"]

1. d4 Nf6 2. Nf3 g6 3. c4 Bg7 4. Nc3 O-O 5. e4 d6 6. Be2 e5 7. O-O Nc6 8. Be3
Ng4 9. Bg5 f6 10. Bc1 f5 11. d5 Nd4 (11... Ne7) 12. Nxd4 exd4 13. Nb5 c5 14.
dxc6 bxc6 15. Nxd4 Qb6 16. Nb3 a5 17. Bxg4 a4 18. Be3 Qb4 19. Nd4 fxg4 20. Nxc6
Qxc4 21. Nd4 Re8 22. b3 axb3 23. axb3 Rxa1 24. Qxa1 Qd3 25. Qa4 Qxe4 26. Nb5
Qxa4 27. bxa4 Be5 28. Rd1 Bd7 29. Nxd6 Bxd6 1/2-1/2

[Event "BSB-Open 2008"]
[Site "Bad Neustadt /Saale"]
[Date "2008.09.06"]
[Round "9.7"]
[White "Herbst, Christoph"]
[Black "Filbry, Lothar"]
[Result "1-0"]
[WhiteElo "2062"]
[BlackElo "1533"]
[PlyCount "95"]
[EventDate "2008.??.??"]
[WhiteTeam "SK 1933 Bad Neustadt"]
[BlackTeam "SK 1933 Bad Neustadt"]

1. e4 c5 2. c3 d6 3. d4 cxd4 4. cxd4 e6 5. Nf3 Be7 6. Nc3 a6 7. Bd3 Nf6 8. O-O
O-O 9. Qe2 Qc7 10. e5 dxe5 11. dxe5 Nd5 12. Qe4 g6 13. Nxd5 exd5 14. Qxd5 Be6
15. Qe4 Rd8 16. Qe2 Nc6 17. a3 Nd4 18. Nxd4 Rxd4 19. Be3 Rd5 20. f4 Bc5 21. Be4
Bxe3+ 22. Qxe3 Rb5 23. Rac1 Qb6 24. Qxb6 Rxb6 25. Rc2 Rd8 26. b4 Rd4 27. Re1
Rb5 28. Kf2 a5 29. bxa5 Rxa5 30. Rc3 Raa4 31. Bxb7 Rxf4+ 32. Kg1 Kg7 33. Bc6
Ra5 34. g3 Rc4 35. Rxc4 Bxc4 36. Re3 Rc5 37. Bd7 Bd5 38. e6 Rc1+ 39. Kf2 Rc2+ (
39... fxe6 40. Bxe6 Rc2+ $11) 40. Re2 Rxe2+ 41. Kxe2 fxe6 42. Ke3 e5 43. a4 Kf6
44. a5 Ke7 45. Bg4 e4 46. Kd4 Kd6 47. Bc8 Bc6 48. a6 1-0